| 000 | 00431nam a2200169 a 4500 | ||
|---|---|---|---|
| 001 | 4097 | ||
| 005 | 20140414131846.0 | ||
| 008 | 081223s19uu xx 00 eng d | ||
| 050 |
_aM 220.9 _bN66 1993 |
||
| 100 | _aNodel, Maxine | ||
| 245 | _aNoah and the great ark. | ||
| 260 |
_aNew York : _bBaronet Books, _c1993. |
||
| 300 | _a27 | ||
| 440 | _aGreat bible stories | ||
| 650 |
_aNoah- _xJuvenile literature. |
||
| 999 |
_c109938 _d109938 |
||